000 00481nam a2200205Ia 4500
008 210210b1917 xxu||||| |||| 00| 0 eng d
041 _aeng
082 _a534/32
100 _aDATTA (Atul Chandra)
245 _aTextbook of sound: fo advanced students
260 _aBombay
_bBlackie & Son Ltd.
_c1917
300 _aviii,181
650 _aTextbook
650 _astudents
650 _asound:
650 _afo
650 _aadvanced
690 _aSound
906 _a008520
999 _c126355
_d126355